Экономика и организация лесохозяйственного производства. 1979, Вып.1: Опыт и пути совершенствования экономического стимулирования производства (Запись № 1975412)

Подробности
000 -МАРКЕР
контрольное поле 01341nam2a22002651 4500
001 - ИДЕНТИФИКАТОР ЗАПИСИ
контрольное поле RU\NLR\INFOCOMM31\5000101977
005 - ИДЕНТИФИКАТОР ВЕРСИИ
контрольное поле 20250617035558.0
035 ## - ДРУГИЕ СИСТЕМНЫЕ НОМЕРА
Идентификатор записи (NLR Aleph) 002428953
100 ## - ДАННЫЕ ОБЩЕЙ ОБРАБОТКИ
Данные общей обработки 20050207d1979 |||y0rusy50 ca
101 0# - ЯЗЫК РЕСУРСА
Язык текста, звукозаписи и т.д. русский
102 ## - СТРАНА ПУБЛИКАЦИИ ИЛИ ПРОИЗВОДСТВА
Страна публикации Российская Федерация
105 ## - ПОЛЕ КОДИРОВАННЫХ ДАННЫХ: ТЕКСТОВЫЕ МАТЕРИАЛЫ, МОНОГРАФИЧЕСКИЕ
Кодированные данные о монографическом текстовом документе y ||||000|y
200 1# - ЗАГЛАВИЕ И СВЕДЕНИЯ ОБ ОТВЕТСТВЕННОСТИ
Основное заглавие Опыт и пути совершенствования экономического стимулирования производства
Первые сведения об ответственности И.Я. Михалин, В.Б. Толоконников
210 ## - ПУБЛИКАЦИЯ, РАСПРОСТРАНЕНИЕ И ДР.
Дата издания, распространения и т.д. 1979
Место издания, распространения и т.д. Б. м.
461 #0 - УРОВЕНЬ НАБОРА
Встроенное поле 001RU\NLR\INFOCOMM31\5000101926
-- 2001#$aЭкономика и организация лесохозяйственного производства$eОбзор. информ.$fГос. ком. СССР по лесн. хоз-ву. ЦБНТИ$v1979, Вып.1
Системный номер (АБИС) связанной записи 1975112
Место публикации М.
Дата публикации 1979-1989
Первые сведения об ответственности Гос. ком. СССР по лесн. хоз-ву. ЦБНТИ
Сведения, относящиеся к заглавию Обзор. информ.
Заглавие Экономика и организация лесохозяйственного производства
ISSN 0130-9129
Номер тома 1979, Вып.1
700 #1 - ИМЯ ЛИЦА - ПЕРВИЧНАЯ ОТВЕТСТВЕННОСТЬ
Начальный элемент ввода Михалин
Часть имени, кроме начального элемента ввода И.Я.
Код отношения Автор
701 #1 - ИМЯ ЛИЦА - АЛЬТЕРНАТИВНАЯ ОТВЕТСТВЕННОСТЬ
Начальный элемент ввода Толоконников
Часть имени, кроме начального элемента ввода В.Б.
Код отношения Автор
801 #1 - ИСТОЧНИК ЗАПИСИ
Страна Российская Федерация
Организация InfoComm
Дата составления 20050207
801 #0 - ИСТОЧНИК ЗАПИСИ
Страна Российская Федерация
Организация NLR
Правила каталогизации PSBO
852 ## - МЕСТОНАХОЖДЕНИЕ И ШИФР ХРАНЕНИЯ
Идентификатор организации NLR
Шифр хранения (Call Number) П22/4826
942 ## - ДОПОЛНИТЕЛЬНЫЕ ЭЛЕМЕНТЫ ЗАПИСИ (АБИС)
Тип экземпляра АБИС Выпуск
980 ## - КОЛЛЕКЦИЯ
Название коллекции Национальная библиография
980 ## - КОЛЛЕКЦИЯ
Название коллекции Русская периодика

Нет доступных экземпляров.